Love of My Life - Queen Lyrics - Statistics

General Stats
  • This quiz has been taken 173 times
  • The average score is 132 of 153
Answer Stats
Answer % Correct
life
100%
Love
100%
love
100%
my
100%
of
100%
you
99%
You
99%
me
98%
Do
96%
I
96%
Don’t
95%
don’t
95%
it
95%
leave
94%
take
94%
back
93%
now
93%
and
92%
And
92%
away
92%
can’t
92%
heart
92%
hurt
92%
be
91%
Bring
91%
bring
91%
from
91%
know
91%
means
91%
to
91%
see?
90%
What
90%
Because
89%
you’ve
89%
You’ve
89%
broken
88%
When
68%
will
68%
the
64%
still
63%
remember
62%
your
60%
older
58%
over
58%
by
56%
grow
54%
remind
54%
all
52%
How
52%
side
52%
is
51%
there
51%
desert
49%
this
49%
Ooh
48%
way
48%
stolen
43%
everything’s
42%
at
41%
Hurry
37%
hurry
37%
blown
36%
yeah
33%
not
31%
No matching quizzes found
Score Distribution
Percent of People with Each Score
Percentile by Number Answered
Your Score History
You have not taken this quiz